000 00333nam a22001457a 4500
008 231124b ||||| |||| 00| 0 eng d
020 _a9780521449526
041 _aeng
080 _a316
082 _a316CHA
100 _a24
101 _aSOCIOLO
245 _aBIOTHEICS IN A LIBERAL SOCIETY
_cCHARLESWORTH .M
942 _2udc
_cBK
999 _c60503
_d60503